महाराष्ट्र संस्कृती : घडण आणि विकास (Record no. 370534)

MARC details
000 -LEADER
fixed length control field 00520nam a22001577a 4500
005 - DATE AND TIME OF LATEST TRANSACTION
control field 20260302104354.0
008 - FIXED-LENGTH DATA ELEMENTS--GENERAL INFORMATION
fixed length control field 260302b |||||||| |||| 00| 0 eng d
020 ## - INTERNATIONAL STANDARD BOOK NUMBER
International Standard Book Number 978-93-90081-09-7
041 ## - LANGUAGE CODE
Language code of text/sound track or separate title Mar.
100 ## - MAIN ENTRY--PERSONAL NAME
Author शेणोलीकर, ह. श्री. आणि देशपांडे, प्र. न.
245 ## - TITLE STATEMENT
Title महाराष्ट्र संस्कृती : घडण आणि विकास
250 ## - EDITION STATEMENT
Edition statement 2nd ed.
260 ## - PUBLICATION, DISTRIBUTION, ETC.
Place of publication, distribution, etc. Pune
Name of publisher, distributor, etc. Diamond
300 ## - PHYSICAL DESCRIPTION
Extent 378
942 ## - ADDED ENTRY ELEMENTS (KOHA)
Koha item type Reference book
Holdings
Withdrawn status Lost status Source of classification or shelving scheme Damaged status Not for loan Home library Current library Date acquired Vendor Cost, normal purchase price Bill number Total Checkouts Barcode Date last seen Bill Date Koha item type Original Barcode
    Dewey Decimal Classification     Shri Siddhivinayak Mahila Mahavidyalaya Shri Siddhivinayak Mahila Mahavidyalaya 02/03/2026 Diamond 550.00 2339   SSMM-BK-33897 02/03/2026 02/03/2026 Reference book 010033897